| 000 | 00475cam a2200193ua 4500 | ||
|---|---|---|---|
| 001 | 4097 | ||
| 005 | 20260515113759.0 | ||
| 008 | 111214n ii |||gr||||Z||||||asm | ||
| 040 | _cMAIN | ||
| 082 | _a891.4511 | ||
| 100 | 1 | _aHazarika, Karabi, | |
| 245 | 1 | 1 |
_aSubasita ji jantrana _cby Karabi Hazarika |
| 250 | _a1st. | ||
| 260 |
_aGuwahati: _bDeep sikha prakashan,980. |
||
| 300 |
_a55p: _c23cm. |
||
| 653 | _aAssamese poem | ||
| 653 | _aSubasita ji jantrana | ||
| 942 | _cBK | ||
| 999 |
_c3916 _d3916 |
||